000 00612nam a2200193Ia 4500
005 20250508163444.0
008 008 250505s9999 xx 000 0 eng d
037 _aBooks to be hide in OPAC
040 _aFEDL
_beng
_cFEDL
041 _aeng
_2eng
084 _a420, TOE/O
_qFEDL
100 _aPowers Donald E
_9775372
245 0 _aTest of spoken english as a measure of communicative ability in the health professions: validation and standard setting
260 _c1983
300 _a55p.
700 _a Stansfield Charles W
_9775373
942 _cHB
_h420, TOE/O
999 _c1383366
_d1383366